000 00968cab a22002055a 4500
001 L143268
008 080423e20080418xxk f 000 0 eng d
035 _a(Sirsi) u143268
041 0 _aeng
100 1 _aKennett, Stephen
245 0 0 _aGetting won over
260 _c2008
490 _aBuilding Magazine
_v273(8525) 18 April 2008, 46-47(2)
520 _aConsiders the development of collaboration software. Project-centred intranets have taken several years to gain acceptance. Argues that behavioural patterns are largely responsible for this. Companies are also failing to dedicate enough bandwidth to these technologies, and still regard email as the most useful means of electronic communication. Reviews its developing use by Hammerson, a firm which initially had poor experience with such software.
590 _aKA
651 4 _aUnited Kingdom
_y
690 _aProject management
_96261
690 _aBUILT ENVIRONMENT-CONSTRUCTION DESIGN
942 _n0
999 _c80126
_d80126